Регионална библиотека "Любен Каравелов" - Русе

Handbuch der Fremdworter in der deutschen Schrift- und Umgangssprache (Запис номер 343778)

MARC детайли
000 -Лидер
Контролно поле с фиксирана дължина 01119nam a2200313 c 4500
003 - Код на организацията, давaща контролен номер
Контролно поле BLK
005 - Дата и час на последна редакция
Контролно поле 20191001103811.0
008 - Елементи от данни с фиксирана дължина
fixed length control field 180911b bul|||||r ||||||| ||bul||
010 ## - Наследен системен номер
LC control number 003439
040 ## - Източник на каталожния запис
Идентификатор на билиотеката - собственик на записа BLK
041 ## - Код за език
Код за езика на текст/звукозапис или на отделно заглавие Немски
Код за езика КДБФ Български
080 ## - УДК
УДК - код + определител 803.0-316.3(038.1)
100 1# - Редна дума - Автор
Автор PETRI, Friedrich
Авторска отговорност първи автор
R(LIN) 397500
245 00 - Сведения за заглавието
Заглавие Handbuch der Fremdworter in der deutschen Schrift- und Umgangssprache
250 ## - Област на изданието
Сведения за изданието 20. Ster.-Aufl
260 ## - Област на издателските данни
Място на издаване, разпространение и проч. Gera
Име на издателя, разпространителя и проч. C. B. Griesbach
Година на издаване 1897
300 ## - Физическа характеристика
Страници 946 с
Размери/Мащаб 23 см
380 ## - Жанр
Жанр Езикознание. Филология
490 ## - СЕРИИ (Колекции)
Име на серия Частна колекция - Академик Михаил Арнаудов
Бележки за серията Дарение - Основен фонд
500 ## - Общи забележки
Забележка Михаил Арнаудов: негови-книга. - Михаил Арнаудов: подпис. - Датиране на книгата : 2. Nov. 1898. Обяснения на думи
520 ## - Забележка за наличие на резюме, анотация и т.н
Анотация, рецензия, сканиран текст
650 ## - Допълнително описание по предмет – тема
Основно описание – тема или топоним Езици
9 (RLIN) 396454
655 ## - Ключова дума – жанр/разновидност
Данни за жанр/разновидност или ключова дума за фокус Езикознание
700 1# - Други автори (авторска отговорност)
Лично име Friedrich Erdman Petri
9 (RLIN) 397501
700 1# - Други автори (авторска отговорност)
Лично име Bearb. von Emanuel Samosts
9 (RLIN) 397502
852 ## - Местоположение
Форматна сигнатура МА 833
999 ## - СИСТЕМНИ КОНТРОЛНИ НОМЕРА
Koha biblionumber 343778
Koha biblioitemnumber 343778
942 ## - АРТИКУЛИ
Вид на библиотечния материал Книги
Скрит в OPAC Не
Периодичен библиозапис Да
944 ## - СЪЗДАВАНЕ И РЕДАКЦИЯ на ЗАПИСА
Създаване/Редакция Създаване
Дата на регистрацията/редакция 1996
Служител, извършил регистрацията/редакцията ValK
999 ## - СИСТЕМНИ КОНТРОЛНИ НОМЕРА
Koha biblioitemnumber 343778
Наличности
Код за отписване Код за изгубен артикул Източник на класификационната схема Код за повреда Коз за рестрикции Код за отдаване Артикулен № Име на библиотеката - собственик Име на библиотеката, в която се намира в момента Статус (Текущо местоположение) Местоположение - отдел Цена в лева Номерация (Хронология) Инвентарен номер Систематично азбучна сигнатура Баркод Номер на екземпляра Цена в евро Служебен тип на артикула
  Не е изгубен Universal Decimal Classification Не е повреден без рестрикции Специални фондове ( старопечатни, редки и ценни, фонд М. Арнаудов) 744069 Регионална библиотека "Любен Каравелов" Русе Регионална библиотека "Любен Каравелов" Русе Фонд "Михаил Арнаудов" Фонд "Михаил Арнаудов" 65.00   587885 МА 833 120000587885 1 33.23 Книги
Vip Innovations Ltd, Rousse, Bulgaria 2025